[Event "FRA-ch U14 Girls"]
[Site "Aix les Bains"]
[Date "2009.04.20"]
[Round "3"]
[White "Belafkih, Kimia"]
[Black "Nolot, Clementine"]
[Result "0-1"]
[WhiteElo "1490"]
[BlackElo "1659"]
[PlyCount "142"]
[EventDate "2009.04.19"]
[EventType "swiss"]
[EventRounds "9"]
[EventCountry "FRA"]
[SourceTitle "CBM 130 Extra"]
[Source "ChessBase"]
[SourceDate "2009.07.02"]
[SourceVersion "2"]
[SourceVersionDate "2009.07.15"]
[SourceQuality "1"]

1. e4 e5 2. Nf3 Nc6 3. Bc4 Bc5 4. d3 Nf6 5. c3 d6 6. h3 Be6 7. Bb3 0-0 8. 0-0 Qe7 9. Re1 Rfe8 10. Bg5 h6 11. Bh4 Rad8 12. Bxe6 fxe6 13. d4 exd4 14. cxd4 Bb6 15. Nc3 Qf7 16. Qd2 e5 17. d5 Nd4 18. Nxd4 Bxd4 19. Nb5 Bb6 20. Qd3 a6 21. Nc3 Rf8 22. Qf3 g5 23. Bg3 Nh5 24. Qxf7+ Rxf7 25. Kh2 Bxf2 26. Bxf2 Rxf2 27. Re2 Rdf8 28. Rae1 Rxe2 29. Rxe2 Rf1 30. Rd2 Rf4 31. Re2 g4 32. hxg4 Rxg4 33. Kh3 Rg5 34. Kh2 Nf4 35. Rd2 h5 36. g3 Ng6 37. Rf2 Kg7 38. Kh3 Ne7 39. Kh4 Rg4+ 40. Kh3 Ng8 41. Rf5 Nf6 42. Rf2 Nxe4 43. Nxe4 Rxe4 44. Rd2 Kf6 45. Kg2 Ke7 46. Kf3 Rg4 47. Rh2 e4+ 48. Kf2 Rg5 49. Ke3 Rxd5 50. Kxe4 Re5+ 51. Kf3 d5 52. Kf4 Kf6 53. Rd2 Re4+ 54. Kf3 Ke5 55. Kf2 c5 56. b3 b5 57. Kf3 c4 58. bxc4 bxc4 59. Rd1 d4 60. Kf2 Re3 61. Rd2 Ke4 62. Rd1 d3 63. Kg2 c3 64. a4 c2 65. Rh1 d2 66. Rh4+ Kd3 67. Rxh5 d1Q 68. Rd5+ Ke2 69. Rxd1 cxd1Q 70. g4 Qf1+ 71. Kh2 Rh3# 0-1

[Event "FRA-chT2 Nord 0708"]
[Site "France"]
[Date "2008.04.06"]
[Round "11.8"]
[White "Belafkih, Kimia"]
[Black "De Sousa, Isabelle"]
[Result "1-0"]
[WhiteElo "1430"]
[BlackElo "1499"]
[PlyCount "47"]
[EventDate "2007.10.21"]
[EventType "team"]
[EventRounds "11"]
[EventCountry "FRA"]
[SourceTitle "EXT 2009"]
[Source "ChessBase"]
[SourceDate "2008.11.26"]
[SourceVersion "1"]
[SourceVersionDate "2008.11.26"]
[SourceQuality "1"]
[WhiteTeam "Henin Beaumont"]
[BlackTeam "Arcueil"]
[WhiteTeamCountry "FRA"]
[BlackTeamCountry "FRA"]

1. e4 e6 2. Nf3 Nf6 3. Nc3 d5 4. exd5 exd5 5. d4 Nc6 6. Bb5 Bd7 7. Bg5 Bb4 8. 0-0 0-0 9. Nxd5 Re8 10. Bxc6 Bxc6 11. Nxb4 Re6 12. d5 Rd6 13. Nxc6 bxc6 14. Qe2 Rxd5 15. Rfe1 h6 16. Bxf6 gxf6 17. Rad1 Qf8 18. Rxd5 cxd5 19. Qe3 Qg7 20. Qf4 Qxg2+ 21. Kxg2 Re8 22. Rxe8+ Kg7 23. Qg4+ Kh7 24. Qg8# 1-0

[Event "FRA-chT2 Nord 0708"]
[Site "France"]
[Date "2008.03.16"]
[Round "9.8"]
[White "Wilson, Alexandra"]
[Black "Belafkih, Kimia"]
[Result "1-0"]
[WhiteElo "2070"]
[BlackElo "1430"]
[PlyCount "25"]
[EventDate "2007.10.21"]
[EventType "team"]
[EventRounds "11"]
[EventCountry "FRA"]
[SourceTitle "EXT 2009"]
[Source "ChessBase"]
[SourceDate "2008.11.26"]
[SourceVersion "1"]
[SourceVersionDate "2008.11.26"]
[SourceQuality "1"]
[WhiteTeam "Rueil Malmaison"]
[BlackTeam "Henin Beaumont"]
[WhiteTeamCountry "FRA"]
[BlackTeamCountry "FRA"]

1. e4 e5 2. Nf3 Nc6 3. Bb5 d6 4. h3 Nf6 5. 0-0 a6 6. Ba4 Bd7 7. Re1 g6 8. c3 Bg7 9. d4 exd4 10. cxd4 0-0 11. Nc3 Re8 12. Bg5 h6 13. Bh4 1-0

[Event "FRA-chT2 Nord 0708"]
[Site "France"]
[Date "2007.12.16"]
[Round "4.8"]
[White "Belafkih, Kimia"]
[Black "Lebret, Loriane"]
[Result "0-1"]
[WhiteElo "1480"]
[BlackElo "1220"]
[PlyCount "138"]
[EventDate "2007.10.21"]
[EventType "team"]
[EventRounds "11"]
[EventCountry "FRA"]
[SourceTitle "EXT 2009"]
[Source "ChessBase"]
[SourceDate "2008.11.26"]
[SourceVersion "1"]
[SourceVersionDate "2008.11.26"]
[SourceQuality "1"]
[WhiteTeam "Henin Beaumont"]
[BlackTeam "Lille"]
[WhiteTeamCountry "FRA"]
[BlackTeamCountry "FRA"]

1. e4 e5 2. Nf3 Nc6 3. Bc4 Nf6 4. d3 Be7 5. 0-0 0-0 6. c3 d6 7. h3 Na5 8. Bb3 Nxb3 9. Qxb3 Rb8 10. Be3 a6 11. Rd1 Be6 12. Qc2 d5 13. Nxe5 Qd6 14. Nf3 dxe4 15. dxe4 Qc6 16. Nbd2 Rbd8 17. Nd4 Qd6 18. N2f3 Nd7 19. Bg5 f6 20. Bh4 Ne5 21. Bg3 Nxf3+ 22. Nxf3 Qc6 23. Qe2 Bc5 24. Rd2 Bb6 25. Rad1 Rxd2 26. Rxd2 f5 27. exf5 Bxf5 28. Qd1 Bxh3 29. Rd8 Be6 30. Rxf8+ Kxf8 31. Qd8+ Qe8 32. Qg5 Bxa2 33. Qf5+ Kg8 34. Ng5 g6 35. Qf6 Qf8 36. Qxf8+ Kxf8 37. Nxh7+ Kg7 38. Ng5 Ba7 39. Bxc7 b5 40. g3 Kf6 41. Nf3 Kf5 42. Nh4+ Kg5 43. Kh2 Bxf2 44. Kg2 Bc5 45. Bd8+ Kh6 46. Bc7 g5 47. Nf5+ Kg6 48. Nd4 b4 49. Ne2 Bc4 50. Nc1 Be3 51. Be5 Bxc1 52. cxb4 Kf5 53. Bg7 Bd2 54. Bf8 Kg4 55. Kf2 a5 56. bxa5 Bxa5 57. Bg7 Bb6+ 58. Kg2 Bd5+ 59. Kh2 Bc7 60. b4 Bxg3+ 61. Kg1 Kf3 62. Bd4 Bd6 63. b5 Kg3 64. Bf2+ Kh3 65. b6 g4 66. Be3 g3 67. Kf1 g2+ 68. Kg1 Bh2+ 69. Kf2 g1Q+ 0-1

[Event "FRA-chT2 North 0607"]
[Site "France"]
[Date "2007.01.21"]
[Round "6.8"]
[White "Morin, Laetitia"]
[Black "Belafkih, Kimia"]
[Result "1-0"]
[WhiteElo "1499"]
[BlackElo "1600"]
[PlyCount "123"]
[EventDate "2006.10.15"]
[EventType "team"]
[EventRounds "11"]
[EventCountry "FRA"]
[SourceTitle "EXT 2008"]
[Source "ChessBase"]
[SourceDate "2007.11.25"]
[SourceVersion "1"]
[SourceVersionDate "2007.11.25"]
[SourceQuality "1"]
[WhiteTeam "Arcueil"]
[BlackTeam "Henin Beaumont"]
[WhiteTeamCountry "FRA"]
[BlackTeamCountry "FRA"]

1. f4 Nc6 2. Nf3 d6 3. d4 Bf5 4. e3 g6 5. Nbd2 a6 6. e4 Bg4 7. c3 Bg7 8. Bd3 e5 9. fxe5 dxe5 10. d5 Rb8 11. Qe2 Nce7 12. 0-0 Nf6 13. h3 Bxf3 14. Qxf3 0-0 15. Nc4 c6 16. Nxe5 cxd5 17. exd5 Qxd5 18. Re1 Qxf3 19. Nxf3 Rfe8 20. Bg5 Nc6 21. Rad1 Rbd8 22. b4 Rxe1+ 23. Nxe1 Rd5 24. Nf3 b5 25. Rd2 h6 26. Be3 Nd7 27. Be4 Rxd2 28. Bxd2 Nce5 29. Nxe5 Nxe5 30. Bb7 Nc4 31. Be1 a5 32. Ba6 axb4 33. cxb4 Nd6 34. Bf2 Bc3 35. Bc5 Be5 36. Kf1 f5 37. Ke2 Kf7 38. a3 Ke6 39. Bxd6 Bxd6 40. Bxb5 g5 41. Kd3 Kd5 42. Bd7 f4 43. Kc3 Ke4 44. a4 Ke3 45. a5 Kf2 46. Bc6 h5 47. a6 Bb8 48. b5 g4 49. hxg4 hxg4 50. b6 f3 51. gxf3 gxf3 52. a7 Be5+ 53. Kd3 Kg3 54. Bxf3 Kxf3 55. a8Q+ Kf4 56. Qe4+ Kg5 57. Qxe5+ Kg4 58. b7 Kf3 59. b8Q Kf2 60. Qf8+ Kg2 61. Qeg7+ Kh1 62. Qfh8# 1-0

[Event "FRA-chT2 North 0607"]
[Site "France"]
[Date "2006.11.25"]
[Round "2.8"]
[White "Maitre, Valerie"]
[Black "Belafkih, Kimia"]
[Result "0-1"]
[WhiteElo "1510"]
[BlackElo "1490"]
[PlyCount "88"]
[EventDate "2006.10.15"]
[EventType "team"]
[EventRounds "11"]
[EventCountry "FRA"]
[SourceTitle "EXT 2008"]
[Source "ChessBase"]
[SourceDate "2007.11.25"]
[SourceVersion "1"]
[SourceVersionDate "2007.11.25"]
[SourceQuality "1"]
[WhiteTeam "Rosny sous Bois"]
[BlackTeam "Henin Beaumont"]
[WhiteTeamCountry "FRA"]
[BlackTeamCountry "FRA"]

1. e4 e5 2. Nf3 Nc6 3. d4 exd4 4. Nxd4 Bc5 5. Be3 Bb6 6. Nc3 Nf6 7. f4 d6 8. h3 Qe7 9. Qf3 Nxd4 10. Bxd4 Bxd4 11. 0-0-0 Bc5 12. Bc4 Be6 13. Nd5 Qd7 14. Rhe1 0-0-0 15. Qb3 Rhe8 16. a4 a6 17. a5 Nxd5 18. exd5 Bf5 19. Qa2 Be3+ 20. Kb1 Bxf4 21. Rf1 Bh6 22. b4 g6 23. Rf3 Re7 24. b5 Kb8 25. bxa6 Ka7 26. Rb3 Rb8 27. axb7 Rxb7 28. Rxb7+ Kxb7 29. Qb2+ Ka7 30. a6 Qc8 31. Qd4+ Ka8 32. Bb5 Qb8 33. Qc4 Qb6 34. Ka2 Qa5+ 35. Ba4 Qc5 36. Bc6+ Ka7 37. Qxc5+ dxc5 38. d6 cxd6 39. Rxd6 Bxc2 40. Bb5 Bf4 41. Rc6 Rc7 42. Rf6 Be5 43. Rf2 Bf5 44. g4 Be6+ 0-1

[Event "Wch U10 Girls"]
[Site "Belfort"]
[Date "2005.07.19"]
[Round "1"]
[White "Orlina, Laura"]
[Black "Belafkih, Kimia"]
[Result "0-1"]
[WhiteElo "1599"]
[BlackElo "1599"]
[PlyCount "116"]
[EventDate "2005.07.??"]
[EventType "swiss"]
[EventRounds "11"]
[EventCountry "FRA"]
[SourceTitle "CBM 107 Extra"]
[Source "ChessBase"]
[SourceDate "2005.09.01"]
[SourceVersion "1"]
[SourceVersionDate "2005.09.01"]
[SourceQuality "1"]

1. e4 e5 2. Nf3 Nc6 3. Nc3 Bb4 4. Bb5 Nf6 5. 0-0 0-0 6. d3 h6 7. Bd2 d6 8. h3 a6 9. Bc4 Be6 10. Bxe6 fxe6 11. Re1 Qe7 12. Be3 d5 13. Bd2 d4 14. Ne2 Rad8 15. Bxb4 Nxb4 16. a3 Nc6 17. Qd2 Rd7 18. Rac1 Nh5 19. c3 Nf4 20. Nxf4 exf4 21. Qe2 e5 22. Red1 dxc3 23. Rxc3 Nd4 24. Nxd4 exd4 25. Rb3 Qg5 26. f3 c5 27. Rb6 Qg3 28. b4 cxb4 29. axb4 Rf6 30. Rxf6 gxf6 31. Rc1 Rg7 32. Rc4 Qxh3 33. Rxd4 Qh4 34. Rd5 Rg5 35. Rd8+ Kg7 36. Rd7+ Kg6 37. Rxb7 a5 38. bxa5 Rxa5 39. Qb2 Rc5 40. Ra7 Rc8 41. Qf2 Rc1+ 42. Qf1 Rxf1+ 43. Kxf1 Qh1+ 44. Kf2 Qc1 45. Rd7 Qc5+ 46. Kf1 Qb5 47. Rd5 Qb1+ 48. Kf2 Qc1 49. Rf5 Qe3+ 50. Kf1 Qxd3+ 51. Kf2 Qd2+ 52. Kf1 h5 53. Rd5 Qa2 54. Rd8 h4 55. Rf8 Kg5 56. Kg1 Qe2 57. Kh2 Qf2 58. Kh3 Qg3# 0-1